Wszyscy Tymczasowi Mistrzowie UFC - Statystyki

Ogólne statystyki
  • Ten quiz został rozwiązany 37 razy
  • Średni wynik to 10 z 24
Statystyki odpowiedzi
Data zdobycia tytułu Kategoria Wagowa Rekord Reprezentuje : Odpowiedź % Poprawnych
23 kwietnia 2016 Półciężka 28-1-0, 1NC Stany Zjednoczone Jon Jones
86%
11 listopada 2023 Ciężka 15-3-0, 1NC Anglia Tom Aspinall
79%
13 kwietnia 2019 Średnia 24-5-0 Nigeria Israel Adesanya
71%
30 października 2021 Kogucia 20-5-0 Rosja Petr Yan
68%
30 lipca 2022 Musza 23-9-2 Meksyk Brandon Moreno
64%
7 sierpnia 2021 Ciężka 13-2-0, 1 NC Francja Ciryl Gane
64%
13 kwietnia 2019 Lekka 30-10-0, 1NC Stany Zjednoczone Dustin Poirier
61%
7 października 2017 Lekka 26-11-0 Stany Zjednoczone Tony Ferguson
61%
11 lipca 2015 Piórkowa 22-6-0 Irlandia Conor McGregor
57%
9 lipca 2016 Piórkowa 32-10-0 Brazylia Jose Aldo
57%
20 maja 2020 Lekka 26-5-0 Stany Zjednoczone Justin Gaethje
50%
10 grudnia 2016 Piórkowa 27-8-0 Stany Zjednoczone Max Holloway
46%
12 lutego 2023 Piórkowa 21-5-0, 1NC Meksyk Yair Rodriguez
46%
8 lipca 2017 Średnia 27-9-0 Australia Robert Whittaker
43%
29 grudnia 2007 Półśrednia 26-2-0 Kanada George St-Pierre
29%
9 czerwca 2018 Półśrednia 17-5-0 Stany Zjednoczone Colby Covington
18%
15 listopada 2014 Ciężka 24-9-1, 1NC Brazylia Fabricio Werdum
14%
27 grudnia 2008 Ciężka 19-13-0 Stany Zjednoczone Frank Mir
11%
6 czerwca 2003 Półciężka 19-11-0 Stany Zjednoczone Randy Couture
11%
5 lutego 2005 Ciężka 34-24-0, 1NC Stany Zjednoczone Andrei Arlovski
7%
4 lutego 2012 Półśrednia 32-14-0 Stany Zjednoczone Carlos Condit
7%
21 lipca 2012 Piórkowa 34-9-0, 1NC Brazylia Renan Barao
7%
2 lutego 2008 Ciężka 34-10-1 Brazylia Antonio Rodrigo Nogueira
4%
27 marca 2010 Ciężka 12-2-0 Stany Zjednoczone Shane Carwin
4%
Nie znaleziono quizów pasujących do podanych kryteriów
Rozkład punktacji
Procent ludzi z każdym wynikiem
Percentyl według liczby udzielonych odpowiedzi
Twoja historia wyników
Nie rozwiązałeś tego quizu